Datum a čas kvízu

15 Celkem bodů Celkový počet nahraných bodů na tomto kvízu bez doplňovacích otázek.
11. Pořadí na kvízu Konečné umístění týmu na tomto kvízu.

Zaznamenané odpovědi

# Otázka Odpověď Body Výsledky
1. V pondělí byl na hradě Špilber... D) je nafukovací 0
2. Minulý týden jsme se dozvěděli... pilot si zapomněl cestovní pas 0
3. 43letý šéfkuchař ukončil na vl... Radek Kašpárek, Jan Punčochář 0.5
4. Jedna evropská metropole pokra... Paříž 1
5. Minulý týden byly zveřejněny v... (lední) hokej, David Pastrňák 0.5
6. Grónsko sice není zcela suveré... .gl 1
7. Pokud byste chtěli okusit jedn... A 0
8. Že je Grónsko největším ostrov... B 0
9. Které tvrzení o Grónsku je pra... D 0
10. Pod kterým písmenem je snímek... A 1